000
00284nam a2200121Ia 4500
008
190216s9999||||xx |||||||||||||| ||und||
100
_a
Teskey F N
245
0
_a
Principles Of Text Processing
260
_b
East-West Press
_c
1982
300
_a
164 p
650
_a
Computer
942
_c
BK
999
_c
8395
_d
8395